000 00483nam a2200181Ia 4500
001 4638
005 20260306145810.0
008 260306t2024||||xx |||||||||||||| ||spa||
041 _aESP
082 _a328.10985
_bP26
100 _aParedes Núñez, Fernando,
_eAUT
245 0 _aGuía de procedimientos en comisiones ordinarias del Congreso de la República
260 _c2024
300 _a151 páginas :
_c24 cm.
650 _aGEN
654 _aCDE
942 _cLIB
_dJUS
_fJUS
_2ddc
_n
999 _c4638
_d4638